Truyện cổ nước ngoài Phê bình bình luận văn học
में बचाया:
| अन्य लेखक: | |
|---|---|
| स्वरूप: | पुस्तक |
| भाषा: | Vietnamese |
| प्रकाशित: |
Tp Hồ Chí Minh
Văn nghệ thành phố Hồ Chí Minh
1997
|
| संस्करण: | Tái bản |
| विषय: | |
| टैग : |
टैग जोड़ें
कोई टैग नहीं, इस रिकॉर्ड को टैग करने वाले पहले व्यक्ति बनें!
|
| Thư viện lưu trữ: | Mạng thư viện Đại học Đà Nẵng |
|---|
| LEADER | 01099nam a2200337 4500 | ||
|---|---|---|---|
| 001 | 000014340 | ||
| 003 | 10704 | ||
| 005 | 20120425150447.0 | ||
| 008 | 120425s1997 viesd | ||
| 020 | |c 15000đ | ||
| 041 | 0 | |a vie | |
| 082 | |a 809.3 |b Tru | ||
| 245 | 0 | |a Truyện cổ nước ngoài |b Phê bình bình luận văn học |c Vũ Tiến Quỳnh | |
| 250 | |a Tái bản | ||
| 260 | |a Tp Hồ Chí Minh |b Văn nghệ thành phố Hồ Chí Minh |c 1997 | ||
| 300 | |a 304 tr. |c 19 cm | ||
| 653 | |a Phê bình | ||
| 653 | |a Bình luận | ||
| 653 | |a Văn học | ||
| 653 | |a Truyện cổ | ||
| 700 | |a Vũ Tiến Quỳnh |e Tuyển chọn | ||
| OWN | |a LSP | ||
| AVA | |a UDN50 |b LSP |d 809.3 Tru |e available |t Error 5001 Not defined in file expand_doc_bib_avail. |f 2 |g 0 |h N |i 0 |k 1 | ||
| 999 | |a From the UDN01 | ||
| AVA | |a UDN50 |b LSP |d 809.3 Tru |e available |t Error 5001 Not defined in file expand_doc_bib_avail. |f 2 |g 0 |h N |i 0 |k 1 | ||
| TYP | |a Monograph | ||
| TYP | |a Printed language | ||
| 980 | |a Mạng thư viện Đại học Đà Nẵng | ||